Missing Word: 'C' Pairs Quiz Stats

 Plays Quiz Updated May 16, 2018

Score 0/16 Timer 02:00
0 Plays Today
One and... the other % Correct
____ and PunishmentCrime
95%
Sonny and ____Cher
93%
Peaches and _____Cream
89.2%
Lewis and _____Clark
85.3%
Cheech and ____Chong
83.8%
____ and HobbesCalvin
81.9%
Skull and ____Crossbones
77.7%
Snoopy and ____Charlie Brown
76.7%
One and... the other % Correct
____ and LaceyCagney
65.6%
_____ and TennilleThe Captain
61.4%
Tango and ____Cash
56.9%
Montague and ____Capulet
56%
____ and WesternCountry
45.1%
____ and CloverCrimson
42.9%
Watson and _____Crick
36.8%
____ and Pollux Castor
34%

Today's Daily Dose

You're not logged in!

Compare scores with friends on all Sporcle quizzes.
OR
Log In

You Might Also Like...

Show Comments

Extras

Top Quizzes Today


Score Distribution

Your Account Isn't Verified!

In order to create a playlist on Sporcle, you need to verify the email address you used during registration. Go to your Sporcle Settings to finish the process.

Report this User

Report this user for behavior that violates our Community Guidelines.

Details: